Sustainability consultation avoids lessons from the past (Record no. 117540)

MARC details
000 -LEADER
fixed length control field 01196cam a2200229 4500
001 - CONTROL NUMBER
control field ABS67924
008 - FIXED-LENGTH DATA ELEMENTS--GENERAL INFORMATION
fixed length control field 040617n2004 000 0 eng u
035 ## - SYSTEM CONTROL NUMBER
System control number (Sirsi) u126505
245 ## - TITLE STATEMENT
Title Sustainability consultation avoids lessons from the past
260 ## - PUBLICATION, DISTRIBUTION, ETC.
Date of publication, distribution, etc. 2004
490 ## - SERIES STATEMENT
Series statement ENDS Report
Volume/sequential designation (352) May 2004, 20-22(3)
520 ## - SUMMARY, ETC.
Summary, etc. Discusses the government consultation on a revised UK sustainable development strategy to be launched next year. There will be closer attention to delivery of outcomes and changing behaviour. Climate change and sustainable consumption will be among a clearer set of priorities. Government has deliberately avoided reviewing the lessons of the past five years but its failure to get the business community to match up to the current strategy is a warning of what lies in store if the new version is no more ambitious and no better driven. [Taken from journal abstract].
590 ## - LOCAL NOTE (RLIN)
Local note ABS
590 ## - LOCAL NOTE (RLIN)
Local note ABS
650 ## - SUBJECT ADDED ENTRY--TOPICAL TERM
Topical term or geographic name entry element SUSTAINABLE DEVELOPMENT STRATEGIES
650 ## - SUBJECT ADDED ENTRY--TOPICAL TERM
Topical term or geographic name entry element SUSTAINABLE DEVELOPMENT
650 ## - SUBJECT ADDED ENTRY--TOPICAL TERM
Topical term or geographic name entry element ENVIRONMENTAL POLICY
650 ## - SUBJECT ADDED ENTRY--TOPICAL TERM
Topical term or geographic name entry element BUSINESSES
650 ## - SUBJECT ADDED ENTRY--TOPICAL TERM
Topical term or geographic name entry element CORPORATE ENVIRONMENTAL REPORTS
690 ## - LOCAL SUBJECT ADDED ENTRY--TOPICAL TERM (OCLC, RLIN)
Topical term or geographic name as entry element ENVIRONMENT-MANAGEMENT
942 ## - ADDED ENTRY ELEMENTS (KOHA)
Suppress in OPAC 0
Holdings
Withdrawn status Lost status Source of classification or shelving scheme Damaged status Not for loan Home library Current library Shelving location Date acquired Total Checkouts Full call number Barcode Date last seen Copy number Price effective from Koha item type
    Dewey Decimal Classification     London London Journal article 17/06/2004   ABS67924 126505-1001 06/08/2019 1 06/08/2019 Journal article